Curso de filosofía /
Guardado en:
| Autor Principal: | |
|---|---|
| Formato: | Libro |
| Publicado: |
Buenos Aires :
Troquel,
1959
|
| Edición: | 24a. ed. |
| Materias: | |
| Etiquetas: |
Agregar Etiqueta
Sin Etiquetas, Sea el primero en etiquetar este registro!
|
| LEADER | 00780nam a22002055a 4500 | ||
|---|---|---|---|
| 001 | CEM.cems012944 | ||
| 005 | 20110426131306.0 | ||
| 008 | 130507s1959##################000#0#####d | ||
| 003 | CEMS | ||
| 020 | |a 9501664201 | ||
| 082 | 0 | 4 | |a 109 |
| 100 | 1 | |a García Venturini, Jorge L. | |
| 245 | 1 | 0 | |a Curso de filosofía / |c Jorge L. García Venturini |
| 250 | |a 24a. ed. | ||
| 260 | |a Buenos Aires : |b Troquel, |c 1959 | ||
| 300 | |a 230 p. | ||
| 505 | 0 | |a Introducción: la filosofía -- La lógica -- El juicio -- El concepto -- El razonamiento -- Metodología -- Teoría del conocimiento -- La verdad -- Etica -- Metafísica -- Lógica simbolica o logística | |
| 653 | |a Filosofía | ||
| 653 | |a Filosofía-enseñanza secundaria | ||
| 859 | |a CEMS |b BIB. CEMS - 11 de abril |h 109 |i G165-1a24 |p 25238.08 |t Ej.1 | ||
